Employment discrimination law : (Record no. 8427)
[ view plain ]
| 000 -LEADER | |
|---|---|
| fixed length control field | 00853cam a22001934a 4500 |
| 020 ## - INTERNATIONAL STANDARD BOOK NUMBER | |
| ISBN | 0139748660 |
| 050 00 - CALL NUMBER | |
| Classification number | KF3464.A7 |
| Item number | E 7 |
| 100 1# - AUTHOR | |
| Personal name | McDonald, Janis |
| 245 10 - TITLE | |
| Title | Employment discrimination law : |
| Remainder of title | problems, cases, and critical perspectives / |
| Statement of responsibility, etc | Janis L. McDonald, Frank S. Ravitch, Pamela Sumners. |
| 250 ## - EDITION | |
| Edition statement | 1st ed. |
| 260 ## - PUBLICATION INFORMATION | |
| Place of publication | Upper Saddle River, N.J. : |
| Name of publisher | Pearson Prentice Hall, |
| Year of publication | 2006. |
| 300 ## - DESCRIPTION | |
| Number of Pages | xxviii, 423 p. ; |
| Dimensions | 26 cm. + |
| Accompanying material | 1 CD-ROM (4 3/4 in.) |
| 500 ## - NOTES | |
| General note | Includes index. |
| 505 ## - FORMATTED CONTENTS NOTE | |
| Table of Content | PART ONE Solving the problem: The meaning of discrimination<br/>PART TWO Allocating responsibility for unintentional discrimination<br/>PART THREE Who and what should be protected<br/>PART FOUR Conclusion |
| 650 #0 - SUBJECTS | |
| Topical Term | Discrimination in employment |
| General subdivision | Law and legislation |
| 700 1# - OTHER AUTHORS | |
| Personal name | Ravitch, Frank S., |
| 700 1# - OTHER AUTHORS | |
| Personal name | Sumners, Pamela. |
| 942 ## - ADDED ENTRY ELEMENTS (KOHA) | |
| Koha item type | Books |
| Withdrawn status | Lost status | Collection code | Home library | Current library | Shelving location | Date acquired | Source of acquisition | Full call number | Accession Number | Koha item type |
|---|---|---|---|---|---|---|---|---|---|---|
| Reference | Methodist University Library Main | Methodist University Library Main | General Stacks | 11/09/2024 | Donation | KF3464.A7 E 7 | 8958 | Books |